| 000 | 01002ngm a2200265 a 4500 | ||
|---|---|---|---|
| 005 | 20220316235753.0 | ||
| 008 | 121119s2002 ck 051 g s00 vuspa | ||
| 020 | _a9580804133 | ||
| 041 | 0 | _aspa | |
| 082 | 0 | 4 |
_a551.1 _bS13P |
| 110 | 2 |
_aSchlessinger media _940657 |
|
| 245 | 1 | 3 |
_aHistoria de la tierra _hvideograbación _brecursos naturales _cSchlessinger Media |
| 250 | _aPrimera edición | ||
| 300 |
_a1 videocasete (apróximadamente 51 minutos) _bsonido, color |
||
| 490 | 0 |
_aEl planeta tierra para niños _v1 |
|
| 650 | 1 | 4 |
_aOrigen de la tierra _xEnseñanza primaria _vVideocasetes _2LEMB |
| 650 | 1 | 4 |
_aEvolución (Biología) _xEnseñanza primaria _vVideocasetes _2LEMB |
| 650 | 1 | 4 |
_aTierra (Planeta) _xHistoria _xEnseñanza primaria _vVideocasetes _2LEMB |
| 942 |
_2ddc _cVIDEOCASET |
||
| 264 |
_aBogotá _bCírculo de Lectores _c2002 |
||
| 336 |
_atexto _btxt _2rdacontent |
||
| 337 |
_asin mediación _bn _2rdamedia |
||
| 338 |
_avolumen _bnc _2rdacarrier |
||
| 040 |
_aCO-BoRNBP _bspa _erda _cCO-BoRNBP |
||
| 999 |
_c2103 _d2103 |
||